LEADER 01677oam 2200505 450 001 9910716880303321 005 20211220162306.0 035 $a(CKB)5470000002525380 035 $a(OCoLC)1268472484 035 $a(OCoLC)995470000002525380 035 $a(EXLCZ)995470000002525380 100 $a20210920d2001 ua 0 101 0 $aeng 135 $aur||||||||||| 181 $ctxt$2rdacontent 182 $cc$2rdamedia 183 $acr$2rdacarrier 200 00$aData integration glossary 210 1$aWashington, DC :$cU.S. Department of Transportation, Federal Highway Administration, Office of Asset Management,$d2001. 215 $a1 online resource (16 pages) $cillustrations 300 $a"August 2001." 300 $a"FHWA IF-01-017"--Page 4 of cover. 606 $aDatabase management$vTerminology 606 $aData integration (Computer science)$vTerminology 606 $aTransportation$xPlanning 606 $aData integration (Computer science)$2fast 606 $aDatabase management$2fast 606 $aTransportation$xPlanning$2fast 608 $aDictionaries.$2fast 615 0$aDatabase management 615 0$aData integration (Computer science) 615 0$aTransportation$xPlanning. 615 7$aData integration (Computer science) 615 7$aDatabase management. 615 7$aTransportation$xPlanning. 712 02$aUnited States.$bFederal Highway Administration.$bOffice of Asset Management, 801 0$bGPO 801 1$bGPO 801 2$bOCLCO 801 2$bOCLCF 801 2$bGPO 906 $aBOOK 912 $a9910716880303321 996 $aData integration glossary$93345819 997 $aUNINA